| 000 | 00346 a2200157 4500 | ||
|---|---|---|---|
| 001 | 58432 | ||
| 020 | _a8500931477 | ||
| 040 | _cAnchieta - Pituba | ||
| 100 | _aAguiar, Luiz Antonio | ||
| 240 | 1 | 0 |
_aContos de Copacabana _lpor |
| 245 | 1 | 0 | _aContos de Copacabana |
| 300 | _a142 | ||
| 362 | 0 | _a1996 | |
| 650 | 4 | _aFicção brasileira | |
| 942 | _cBK | ||
| 999 |
_c58432 _d58432 |
||